| 000 | 00547nam a2200193 a 4500 | ||
|---|---|---|---|
| 001 | 6716 | ||
| 005 | 20180713190605.0 | ||
| 008 | 140415s1960 000 0 spa d | ||
| 041 | _aspa | ||
| 082 |
_a299.09 _bBER |
||
| 100 | 1 | _aBERGOUNIOUX, F.M. | |
| 245 | 1 | 0 | _aRELIGIONES PREHISTORICAS Y PRIMITIVAS |
| 250 | _a1a ed. | ||
| 260 |
_a[s.l.] : _bCASAL I VALL-ANDORRA, _c1960 |
||
| 300 | _a154 | ||
| 490 | _aDECIMOCUARTA PARTE:RELIGIONES NO CRISTIANAS Y... | ||
| 650 | 1 | 4 |
_aRELIGIONES _xHISTORIA |
| 700 | 1 |
_aGOETZ, JOSEPH _ecoaut. |
|
| 999 |
_c6716 _d6716 |
||